<?xml version="1.0" encoding="UTF-8"?>
<marc:record xmlns:marc="http://www.loc.gov/MARC21/slim">
   <marc:leader>00000nam a2200000 a 4500</marc:leader>
   <marc:datafield ind1="1" ind2=" " tag="100">
      <marc:subfield code="a">Steinbach, Jan</marc:subfield>
      <marc:subfield code="4">aut</marc:subfield>
      <marc:subfield code="e">Verfasser/-in</marc:subfield>
   </marc:datafield>
   <marc:datafield ind1="0" ind2="0" tag="245">
      <marc:subfield code="a">Willems letzte Reise</marc:subfield>
   </marc:datafield>
   <marc:datafield ind1="0" ind2="0" tag="245">
      <marc:subfield code="b">Roman</marc:subfield>
   </marc:datafield>
   <marc:datafield ind1="0" ind2="0" tag="245">
      <marc:subfield code="c">Jan Steinbach</marc:subfield>
   </marc:datafield>
   <marc:datafield ind1=" " ind2="1" tag="264">
      <marc:subfield code="a">Berlin</marc:subfield>
      <marc:subfield code="b">Rütten &amp; Loening</marc:subfield>
      <marc:subfield code="c">2018</marc:subfield>
   </marc:datafield>
   <marc:datafield ind1=" " ind2=" " tag="250">
      <marc:subfield code="a">1. Auflage</marc:subfield>
   </marc:datafield>
   <marc:datafield ind1="1" ind2=" " tag="520">
      <marc:subfield code="a">Angaben aus der Verlagsmeldung

Willems letzte Reise : Roman / von Jan Steinbach

Wenn du noch einmal die Gelegenheit hast, das Richtige zu tun

Einsam und mit seiner Familie zerstritten, lebt der alte Willem auf seinem Bauernhof in Ostfriesland. Dann bringt seine Tochter ungefragt ihren Sohn Finn bei ihm unter, weil sie sich wegen ihrer Trennung nicht anders zu helfen weiß. Und sosehr sich der knurrige alte Mann auch dagegen wehrt – der bezaubernde kleine Junge erobert sein Herz. Ausgerechnet jetzt erhält Willem eine fatale Nachricht. Aber um ein Versprechen zu erfüllen, das er Finn gegeben hat, begibt er sich mit seinem alten Traktor auf eine Reise quer durch Deutschland. Schon bald wird jedoch klar, dass Willem nicht mehr lange drum herumkommen wird, sich seinen Fehlern von damals zu stellen.

Einfühlsam und berührend erzählt Jan Steinbach von den Wunden, die sich in der Geschichte jeder Familie finden, und dem Glück, endlich die richtige Entscheidung zu treffen.
</marc:subfield>
   </marc:datafield>
   <marc:datafield ind1=" " ind2=" " tag="020">
      <marc:subfield code="a">9783352009099</marc:subfield>
      <marc:subfield code="9">9783352009099</marc:subfield>
   </marc:datafield>
   <marc:datafield ind1=" " ind2=" " tag="020">
      <marc:subfield code="a">3352009090</marc:subfield>
      <marc:subfield code="9">3352009090</marc:subfield>
   </marc:datafield>
   <marc:datafield ind1=" " ind2=" " tag="041">
      <marc:subfield code="a">ger</marc:subfield>
   </marc:datafield>
   <marc:datafield ind1=" " ind2=" " tag="300">
      <marc:subfield code="a">301 Seiten</marc:subfield>
   </marc:datafield>
</marc:record>
